[Event "GBR-ch108 Senior 65+"]
[Site "Torquay"]
[Date "2022.08.17"]
[Round "3.28"]
[White "Pride, Stephen C"]
[Black "Williams, Stephen M"]
[Result "0-1"]
[WhiteElo "1587"]
[BlackElo "1851"]
[PlyCount "80"]
[EventDate "2022.08.15"]
[EventType "swiss"]
[EventRounds "7"]
[EventCountry "GBR"]
[SourceTitle "BritBase"]
[Source "John Saunders"]
[SourceDate "2021.06.05"]
[SourceVersion "1"]
[SourceVersionDate "2021.06.05"]
[SourceQuality "1"]
[WhiteTeam "England"]
[BlackTeam "England"]
[WhiteTeamCountry "ENG"]
[BlackTeamCountry "ENG"]

1. d4 d5 2. Nc3 c5 3. e4 dxe4 4. Bb5+ Nc6 5. d5 a6 6. dxc6 Qxd1+ 7. Nxd1 axb5
8. cxb7 Bxb7 9. Nh3 e5 10. O-O Nf6 11. Ne3 g6 12. Rd1 Be7 13. b3 O-O 14. Bb2
Rfd8 15. Bxe5 Rxd1+ 16. Nxd1 Ng4 17. Bb2 Bd6 18. g3 Ne5 19. Bxe5 Bxe5 20. Rb1
Rxa2 21. Ne3 Ra1 22. Rxa1 Bxa1 23. Nf4 Be5 24. Nfd5 f5 25. Ne7+ Kf7 26. N7d5
Ke6 27. c4 g5 28. Kf1 f4 29. gxf4 gxf4 30. Nc2 Bxd5 31. cxd5+ Kxd5 32. h3 h5
33. Ke2 h4 34. Kd1 Bd4 35. Ke2 b4 36. Ke1 Bc3+ 37. Ke2 c4 38. bxc4+ Kxc4 39.
Kd1 Kd3 40. Kc1 Ke2 0-1

[Event "GBR-ch108 Senior 65+"]
[Site "Torquay"]
[Date "2022.08.18"]
[Round "4.1"]
[White "Nunn, John D M"]
[Black "Jackson, Oliver A"]
[Result "1-0"]
[WhiteElo "2577"]
[BlackElo "2066"]
[PlyCount "57"]
[EventDate "2022.08.15"]
[EventType "swiss"]
[EventRounds "7"]
[EventCountry "GBR"]
[SourceTitle "BritBase"]
[Source "John Saunders"]
[SourceDate "2021.06.05"]
[SourceVersion "1"]
[SourceVersionDate "2021.06.05"]
[SourceQuality "1"]
[WhiteTeam "England"]
[BlackTeam "England"]
[WhiteTeamCountry "ENG"]
[BlackTeamCountry "ENG"]

1. e4 c5 2. Nf3 e6 3. d4 cxd4 4. Nxd4 a6 5. Bd3 Nf6 6. O-O Qc7 7. Qe2 d6 8. f4
Nbd7 9. c4 b6 10. Nc3 Bb7 11. Bd2 Be7 12. Rae1 h5 13. b4 g5 14. Nd5 Qd8 15.
fxg5 exd5 16. gxf6 Bxf6 17. exd5+ Kf8 18. Nc6 Bxc6 19. dxc6 Ne5 20. Be4 Ra7 21.
Bd5 Ng4 22. Qf3 Rh7 23. Qe4 Rg7 24. h3 Re7 25. Qd3 Rxe1 26. Rxe1 Ne5 27. Qf5
Bg5 28. Bxg5 Rxg5 29. c7 1-0

[Event "GBR-ch108 Senior 65+"]
[Site "Torquay"]
[Date "2022.08.18"]
[Round "4.2"]
[White "Orton, Stephen L A"]
[Black "Chandler, Cliff R"]
[Result "0-1"]
[WhiteElo "2116"]
[BlackElo "2244"]
[PlyCount "44"]
[EventDate "2022.08.15"]
[EventType "swiss"]
[EventRounds "7"]
[EventCountry "GBR"]
[SourceTitle "BritBase"]
[Source "John Saunders"]
[SourceDate "2021.06.05"]
[SourceVersion "1"]
[SourceVersionDate "2021.06.05"]
[SourceQuality "1"]
[WhiteTeam "England"]
[BlackTeam "England"]
[WhiteTeamCountry "ENG"]
[BlackTeamCountry "ENG"]

1. e4 d5 2. exd5 Nf6 3. Nf3 Bg4 4. Be2 Qxd5 5. d4 Nc6 6. h3 Bxf3 7. Bxf3 Qd7 8.
c3 e5 9. d5 Ne7 10. c4 Nf5 11. O-O Bc5 12. Re1 O-O 13. Nc3 Nd6 14. b3 Rae8 15.
Qc2 e4 16. Bd1 Nf5 17. Be3 Nxe3 18. fxe3 Qf5 19. Na4 Bd6 20. c5 Bg3 21. Rf1
Qxd5 22. b4 Qg5 0-1

[Event "GBR-ch108 Senior 65+"]
[Site "Torquay"]
[Date "2022.08.18"]
[Round "4.3"]
[White "Myall, Ivan J"]
[Black "James, Geoffrey H"]
[Result "0-1"]
[WhiteElo "1983"]
[BlackElo "2118"]
[PlyCount "60"]
[EventDate "2022.08.15"]
[EventType "swiss"]
[EventRounds "7"]
[EventCountry "GBR"]
[SourceTitle "BritBase"]
[Source "John Saunders"]
[SourceDate "2021.06.05"]
[SourceVersion "1"]
[SourceVersionDate "2021.06.05"]
[SourceQuality "1"]
[WhiteTeam "England"]
[BlackTeam "England"]
[WhiteTeamCountry "ENG"]
[BlackTeamCountry "ENG"]

1. d4 Nf6 2. Bf4 g6 3. Nc3 d6 4. e4 Bg7 5. h4 c5 6. d5 Nbd7 7. Be2 h5 8. Qd2 a6
9. Bf3 Rb8 10. Nh3 b5 11. Ng5 Nb6 12. Qe2 Nfd7 13. Nd1 Nc4 14. c3 Nce5 15. Qc2
c4 16. Bxe5 Nxe5 17. Be2 Qb6 18. f4 Ng4 19. Bf3 b4 20. Qa4+ Bd7 21. Qxb4 Qxb4
22. cxb4 Rxb4 23. a3 Rxb2 24. Nxb2 Bxb2 25. Rb1 c3 26. O-O O-O 27. Bd1 Ne3 28.
Rf2 Nxd1 29. Rxd1 Ba4 30. Rb1 Rb8 0-1

[Event "GBR-ch108 Senior 65+"]
[Site "Torquay"]
[Date "2022.08.18"]
[Round "4.4"]
[White "Burnett, Jim"]
[Black "Norman, Kenneth I"]
[Result "1/2-1/2"]
[WhiteElo "2056"]
[BlackElo "2117"]
[PlyCount "64"]
[EventDate "2022.08.15"]
[EventType "swiss"]
[EventRounds "7"]
[EventCountry "GBR"]
[SourceTitle "BritBase"]
[Source "John Saunders"]
[SourceDate "2021.06.05"]
[SourceVersion "1"]
[SourceVersionDate "2021.06.05"]
[SourceQuality "1"]
[WhiteTeam "England"]
[BlackTeam "England"]
[WhiteTeamCountry "ENG"]
[BlackTeamCountry "ENG"]

1. d4 Nf6 2. c4 g6 3. g3 Bg7 4. Bg2 d5 5. cxd5 Nxd5 6. Nf3 Nb6 7. O-O Nc6 8. e3
e5 9. dxe5 Qxd1 10. Rxd1 Nxe5 11. Nxe5 Bxe5 12. Nd2 c6 13. Nf3 Bg7 14. Nd4 O-O
15. Rb1 Rd8 16. Bd2 Bxd4 17. exd4 Bf5 18. Rbc1 Rxd4 19. Bc3 Rxd1+ 20. Rxd1 Be6
21. a3 Bd5 22. f3 f5 23. Kf2 Kf7 24. Re1 Re8 25. Rxe8 Kxe8 26. Ke3 Kf7 27. Kf4
Na4 28. Be5 Nc5 29. Bf1 Ne6+ 30. Ke3 b5 31. h4 Ke7 32. g4 a6 1/2-1/2

[Event "GBR-ch108 Senior 65+"]
[Site "Torquay"]
[Date "2022.08.18"]
[Round "4.7"]
[White "Bonafont, Philip R"]
[Black "Michaud, Gerald"]
[Result "0-1"]
[WhiteElo "2001"]
[BlackElo "1871"]
[PlyCount "122"]
[EventDate "2022.08.15"]
[EventType "swiss"]
[EventRounds "7"]
[EventCountry "GBR"]
[SourceTitle "BritBase"]
[Source "John Saunders"]
[SourceDate "2021.06.05"]
[SourceVersion "1"]
[SourceVersionDate "2021.06.05"]
[SourceQuality "1"]
[WhiteTeam "England"]
[BlackTeam "Canada"]
[WhiteTeamCountry "ENG"]
[BlackTeamCountry "CAN"]

1. d4 Nf6 2. Nf3 e6 3. g3 b6 4. Bg2 Bb7 5. O-O Be7 6. c4 d6 7. Nc3 Nbd7 8. d5
e5 9. e4 Nc5 10. Ne1 a5 11. Be3 Ba6 12. b3 Qc8 13. a3 O-O 14. h3 Ncd7 15. Nd3
h6 16. f4 Nh7 17. fxe5 Nxe5 18. Nxe5 dxe5 19. h4 Qd8 20. Bh3 Bc8 21. Bf5 Bxf5
22. Rxf5 g6 23. Rf2 Kg7 24. Qd2 g5 25. hxg5 Bxg5 26. Raf1 Qd7 27. Rf5 f6 28.
Qe2 Bxe3+ 29. Qxe3 Ng5 30. Kg2 Qe8 31. Nb5 Rc8 32. d6 c5 33. Nc7 Rxc7 34. dxc7
Qc6 35. c8=Q Qxc8 36. Rd1 Rd8 37. Rd5 Rxd5 38. cxd5 c4 39. Qxb6 Nxe4 40. Rf1
cxb3 41. d6 Qg4 42. Rf3 Ng5 43. Qb7+ Kg6 44. d7 Qh3+ 45. Kf2 Qh2+ 46. Ke3 Qg1+
47. Ke2 Qg2+ 48. Kd3 Nxf3 49. Qe4+ f5 50. Qc6+ Kh5 51. Kc4 Nd2+ 52. Kb5 Qxc6+
53. Kxc6 b2 54. d8=Q b1=Q 55. Qxd2 Qe4+ 56. Kb5 a4 57. Qh2+ Kg6 58. Qd2 f4 59.
gxf4 Qxf4 60. Qg2+ Kf6 61. Qc6+ Kf5 0-1

[Event "GBR-ch108 Senior 65+"]
[Site "Torquay"]
[Date "2022.08.18"]
[Round "4.8"]
[White "Marshall, Michael"]
[Black "Footner, Andrew F"]
[Result "0-1"]
[WhiteElo "1829"]
[BlackElo "1995"]
[PlyCount "119"]
[EventDate "2022.08.15"]
[EventType "swiss"]
[EventRounds "7"]
[EventCountry "GBR"]
[SourceTitle "BritBase"]
[Source "John Saunders"]
[SourceDate "2021.06.05"]
[SourceVersion "1"]
[SourceVersionDate "2021.06.05"]
[SourceQuality "1"]
[WhiteTeam "Denmark"]
[BlackTeam "England"]
[WhiteTeamCountry "DEN"]
[BlackTeamCountry "ENG"]

1. d4 d5 2. Bf4 Nf6 3. e3 c5 4. Nc3 Bd7 5. Nf3 Qb6 6. Rb1 e6 7. Be2 Nc6 8. O-O
Nh5 9. Bg5 cxd4 10. exd4 h6 11. Be3 Nf6 12. h3 Rc8 13. Bf4 a6 14. a3 Ne4 15.
Na2 Na5 16. Ne5 Bb5 17. Re1 Bxe2 18. Rxe2 Be7 19. c3 Nf6 20. Nb4 O-O 21. Qe1
Nc4 22. Ng6 Rfe8 23. Nxe7+ Rxe7 24. g4 Ne4 25. f3 Ned6 26. Nxd5 Qd8 27. Nxe7+
Qxe7 28. Qg3 Ne8 29. Rbe1 Nf6 30. b3 Nb6 31. Bd6 Qd8 32. c4 Ne8 33. Bc5 Nd7 34.
Bb4 a5 35. Bc3 Qb6 36. Rb1 Rxc4 37. Ba1 a4 38. b4 Nef6 39. Kh2 Nd5 40. Rbe1 g5
41. Bb2 Nf4 42. Rd2 Nf6 43. d5 N6xd5 44. Qg1 Qc6 45. Rc1 Nc3 46. Qe3 Nfd5 47.
Rxd5 Nxd5 48. Qe5 Kf8 49. Qb8+ Ke7 50. Rxc4 Qxc4 51. Qxb7+ Kd6 52. Qb8+ Nc7 53.
Qb6+ Kd7 54. Qd4+ Qxd4 55. Bxd4 Nb5 56. Bg7 Nxa3 57. Bxh6 f6 58. f4 gxf4 59.
Bxf4 Nc2 60. b5 0-1

[Event "GBR-ch108 Senior 65+"]
[Site "Torquay"]
[Date "2022.08.18"]
[Round "4.9"]
[White "Newton, Robert A"]
[Black "Collinson, Mark I"]
[Result "1-0"]
[WhiteElo "1976"]
[BlackElo "1854"]
[PlyCount "71"]
[EventDate "2022.08.15"]
[EventType "swiss"]
[EventRounds "7"]
[EventCountry "GBR"]
[SourceTitle "BritBase"]
[Source "John Saunders"]
[SourceDate "2021.06.05"]
[SourceVersion "1"]
[SourceVersionDate "2021.06.05"]
[SourceQuality "1"]
[WhiteTeam "England"]
[BlackTeam "England"]
[WhiteTeamCountry "ENG"]
[BlackTeamCountry "ENG"]

1. d4 Nf6 2. c4 c5 3. d5 e6 4. Nc3 exd5 5. cxd5 d6 6. e4 a6 7. a4 g6 8. Bd3 Bg7
9. h3 O-O 10. Nf3 Re8 11. O-O Nbd7 12. Bf4 Qc7 13. Re1 Nh5 14. Bh2 c4 15. Bc2
Qb6 16. Rb1 Ne5 17. Nxe5 Bxe5 18. Qf3 Bd7 19. g4 Ng7 20. Bxe5 Rxe5 21. Qe3 Qxe3
22. Rxe3 g5 23. a5 h5 24. b3 hxg4 25. hxg4 Bxg4 26. bxc4 Rc8 27. Rxb7 Rxc4 28.
Rb6 f5 29. Bb3 Rd4 30. exf5 Rxe3 31. fxe3 Rd3 32. Ne4 Bxf5 33. Nxd6 Rxe3 34.
Rb8+ Kh7 35. Nxf5 Nxf5 36. Bc2 1-0

[Event "GBR-ch108 Senior 65+"]
[Site "Torquay"]
[Date "2022.08.18"]
[Round "4.10"]
[White "De Coverly, Roger D"]
[Black "Johnson, Richard J"]
[Result "1-0"]
[WhiteElo "1918"]
[BlackElo "1828"]
[PlyCount "37"]
[EventDate "2022.08.15"]
[EventType "swiss"]
[EventRounds "7"]
[EventCountry "GBR"]
[SourceTitle "BritBase"]
[Source "John Saunders"]
[SourceDate "2021.06.05"]
[SourceVersion "1"]
[SourceVersionDate "2021.06.05"]
[SourceQuality "1"]
[WhiteTeam "England"]
[BlackTeam "England"]
[WhiteTeamCountry "ENG"]
[BlackTeamCountry "ENG"]

1. e4 c5 2. Nf3 e6 3. d3 d5 4. Nbd2 Nc6 5. g3 Nf6 6. Bg2 Be7 7. O-O O-O 8. e5
Nd7 9. Re1 f6 10. exf6 Nxf6 11. Nf1 Bd6 12. Ne3 e5 13. c4 d4 14. Nd5 Nxd5 15.
cxd5 Nb4 16. Nxe5 Bxe5 17. Rxe5 Rxf2 18. Kxf2 Qf6+ 19. Bf4 1-0

[Event "GBR-ch108 Senior 65+"]
[Site "Torquay"]
[Date "2022.08.18"]
[Round "4.11"]
[White "Dennis, Nigel W"]
[Black "Mildenhall, John"]
[Result "1/2-1/2"]
[WhiteElo "1814"]
[BlackElo "1898"]
[PlyCount "90"]
[EventDate "2022.08.15"]
[EventType "swiss"]
[EventRounds "7"]
[EventCountry "GBR"]
[SourceTitle "BritBase"]
[Source "John Saunders"]
[SourceDate "2021.06.05"]
[SourceVersion "1"]
[SourceVersionDate "2021.06.05"]
[SourceQuality "1"]
[WhiteTeam "England"]
[BlackTeam "England"]
[WhiteTeamCountry "ENG"]
[BlackTeamCountry "ENG"]

1. e4 c5 2. Nf3 d6 3. d4 cxd4 4. Nxd4 Nf6 5. Nc3 a6 6. Be2 g6 7. O-O Bg7 8. Be3
O-O 9. f4 Nc6 10. Nb3 Qc7 11. a4 Bd7 12. a5 Nb4 13. Bb6 Qc8 14. Bf3 Bg4 15. Qe2
Bxf3 16. Rxf3 Nd7 17. Bf2 Nf6 18. Ra4 Nc6 19. Bb6 Qe6 20. h3 Rac8 21. Qd3 Nd7
22. Bf2 Bxc3 23. bxc3 f5 24. exf5 Qxf5 25. Qxf5 Rxf5 26. g4 Rf7 27. c4 Nce5 28.
Rc3 Rxf4 29. Rb4 Rfxc4 30. Rcxc4 Rxc4 31. Rxb7 Rxc2 32. Ra7 Rc3 33. Nd4 Nc5 34.
Rxe7 Ra3 35. Ne6 Nxe6 36. Rxe6 Rxa5 37. Rxd6 Kf7 38. Rb6 h5 39. gxh5 gxh5 40.
Kg2 Ng6 41. Rc6 Ra3 42. Rc7+ Ke6 43. Rc6+ Kf5 44. Rc5+ Ke6 45. Rc6+ Kf5 1/2-1/2

[Event "GBR-ch108 Senior 65+"]
[Site "Torquay"]
[Date "2022.08.18"]
[Round "4.12"]
[White "Ingham, H William"]
[Black "Bray, David"]
[Result "0-1"]
[WhiteElo "1842"]
[BlackElo "2006"]
[PlyCount "78"]
[EventDate "2022.08.15"]
[EventType "swiss"]
[EventRounds "7"]
[EventCountry "GBR"]
[SourceTitle "BritBase"]
[Source "John Saunders"]
[SourceDate "2021.06.05"]
[SourceVersion "1"]
[SourceVersionDate "2021.06.05"]
[SourceQuality "1"]
[WhiteTeam "England"]
[BlackTeam "England"]
[WhiteTeamCountry "ENG"]
[BlackTeamCountry "ENG"]

1. d4 Nf6 2. Bf4 g6 3. e3 Bg7 4. Nf3 O-O 5. Be2 d6 6. O-O Nh5 7. Bg5 h6 8. Bh4
g5 9. Nfd2 gxh4 10. Bxh5 e5 11. c3 Kh8 12. dxe5 dxe5 13. Be2 Nc6 14. Nf3 Qe7
15. e4 Be6 16. Nbd2 Rg8 17. Bc4 h3 18. Bxe6 hxg2 19. Re1 Qxe6 20. Nh4 Ne7 21.
Qh5 Ng6 22. Nf5 Nf4 23. Qh4 Qf6 24. Qxf6 Bxf6 25. Re3 Kh7 26. Rae1 Rad8 27. Nb3
Rd3 28. Ng3 b6 29. Rxd3 Nxd3 30. Rd1 Rd8 31. Nc1 Nxc1 32. Rxc1 Rd2 33. Nf5 Rxb2
34. Rd1 Kg6 35. Rd7 Rxa2 36. Rxc7 a5 37. Nd6 Bh4 38. Rxf7 Rd2 39. Rd7 Bxf2+ 0-1

[Event "GBR-ch108 Senior 65+"]
[Site "Torquay"]
[Date "2022.08.18"]
[Round "4.13"]
[White "Smith, David"]
[Black "Stimpson, Philip M"]
[Result "1/2-1/2"]
[WhiteElo "1831"]
[BlackElo "1950"]
[PlyCount "63"]
[EventDate "2022.08.15"]
[EventType "swiss"]
[EventRounds "7"]
[EventCountry "GBR"]
[SourceTitle "BritBase"]
[Source "John Saunders"]
[SourceDate "2021.06.05"]
[SourceVersion "1"]
[SourceVersionDate "2021.06.05"]
[SourceQuality "1"]
[WhiteTeam "England"]
[BlackTeam "England"]
[WhiteTeamCountry "ENG"]
[BlackTeamCountry "ENG"]

1. e4 d5 2. exd5 Nf6 3. d4 Bg4 4. Be2 Bxe2 5. Qxe2 Qxd5 6. Nf3 e6 7. Nc3 Qf5 8.
O-O Nc6 9. d5 Nxd5 10. Nxd5 Qxd5 11. Rd1 Qf5 12. c3 Bd6 13. Be3 O-O 14. Rd2 Qh5
15. h3 a6 16. Rad1 Rfd8 17. Qf1 Ne5 18. Nxe5 Qxe5 19. g3 Qf6 20. h4 h6 21. Qe2
Be5 22. Rxd8+ Rxd8 23. Rxd8+ Qxd8 24. Bxh6 Bxc3 25. Bg5 Bf6 26. Bxf6 Qxf6 27.
Qc2 Qe5 28. Qb3 Qd5 29. Qa4 Kf8 30. Qb4+ Ke8 31. Qc3 Qxa2 32. Qxg7 1/2-1/2

[Event "GBR-ch108 Senior 65+"]
[Site "Torquay"]
[Date "2022.08.18"]
[Round "4.14"]
[White "Moore, John C"]
[Black "Jackson, Paul G"]
[Result "1/2-1/2"]
[WhiteElo "1946"]
[BlackElo "1578"]
[PlyCount "112"]
[EventDate "2022.08.15"]
[EventType "swiss"]
[EventRounds "7"]
[EventCountry "GBR"]
[SourceTitle "BritBase"]
[Source "John Saunders"]
[SourceDate "2021.06.05"]
[SourceVersion "1"]
[SourceVersionDate "2021.06.05"]
[SourceQuality "1"]
[WhiteTeam "England"]
[BlackTeam "England"]
[WhiteTeamCountry "ENG"]
[BlackTeamCountry "ENG"]

1. e4 e6 2. d4 d5 3. Nc3 dxe4 4. Nxe4 Bd7 5. Nf3 Bc6 6. Bd3 Nd7 7. Qe2 Ngf6 8.
Neg5 Bxf3 9. Nxf3 Be7 10. Bg5 O-O 11. O-O c5 12. Rad1 cxd4 13. Nxd4 Qb6 14. c3
Rfe8 15. Rfe1 Nf8 16. g3 a6 17. h4 Rad8 18. h5 h6 19. Be3 Qa5 20. g4 N6h7 21.
f4 e5 22. fxe5 Qxe5 23. Qf3 Bg5 24. Bxg5 Qxg5 25. Bc4 Nf6 26. Rf1 Re3 27. Qf4
Qxf4 28. Rxf4 Rg3+ 29. Kh2 Rxg4 30. Rdf1 Rxf4 31. Rxf4 Re8 32. Nf5 Nxh5 33. Rg4
g6 34. Nxh6+ Kg7 35. Nxf7 b5 36. Bb3 Re2+ 37. Rg2 Rxg2+ 38. Kxg2 Nf4+ 39. Kf3
Nd3 40. Nd6 Nxb2 41. Ne8+ Kh6 42. Nc7 a5 43. Nxb5 a4 44. Bc2 Ne6 45. Nd6 Kh5
46. Kg3 Nc5 47. c4 a3 48. Kh3 Kg5 49. Kg3 Kf6 50. Kg4 Ke5 51. Nb5 Nxc4 52. Bxg6
Na4 53. Bf7 Nd6 54. Nxd6 Kxd6 55. Kf4 Kc5 56. Ke4 Kd6 1/2-1/2

[Event "GBR-ch108 Senior 65+"]
[Site "Torquay"]
[Date "2022.08.18"]
[Round "4.16"]
[White "Vickery, Jim E"]
[Black "Gunn, Michael J"]
[Result "1/2-1/2"]
[WhiteElo "1927"]
[BlackElo "1598"]
[PlyCount "60"]
[EventDate "2022.08.15"]
[EventType "swiss"]
[EventRounds "7"]
[EventCountry "GBR"]
[SourceTitle "BritBase"]
[Source "John Saunders"]
[SourceDate "2021.06.05"]
[SourceVersion "1"]
[SourceVersionDate "2021.06.05"]
[SourceQuality "1"]
[WhiteTeam "England"]
[BlackTeam "England"]
[WhiteTeamCountry "ENG"]
[BlackTeamCountry "ENG"]

1. d4 d5 2. Nf3 e6 3. c4 c5 4. cxd5 exd5 5. Nc3 Nc6 6. g3 Nf6 7. Bg2 Be7 8. O-O
O-O 9. b3 h6 10. Bb2 cxd4 11. Nxd4 Nxd4 12. Qxd4 Be6 13. Rfd1 Qb6 14. Qxb6 axb6
15. Nxd5 Nxd5 16. Bxd5 Bxd5 17. Rxd5 Rfd8 18. Rd3 Rxd3 19. exd3 Rd8 20. Rd1 b5
21. a3 Ra8 22. b4 Rc8 23. Rc1 Rxc1+ 24. Bxc1 Bf6 25. Kf1 Bd4 26. Ke2 f5 27. f3
h5 28. h3 Kf7 29. Kd1 g6 30. Kc2 Ke6 1/2-1/2

[Event "GBR-ch108 Senior 65+"]
[Site "Torquay"]
[Date "2022.08.18"]
[Round "4.17"]
[White "Berkley, Stephen W"]
[Black "Barton, R Alan"]
[Result "0-1"]
[WhiteElo "1562"]
[BlackElo "1926"]
[PlyCount "156"]
[EventDate "2022.08.15"]
[EventType "swiss"]
[EventRounds "7"]
[EventCountry "GBR"]
[SourceTitle "BritBase"]
[Source "John Saunders"]
[SourceDate "2021.06.05"]
[SourceVersion "1"]
[SourceVersionDate "2021.06.05"]
[SourceQuality "1"]
[WhiteTeam "England"]
[BlackTeam "England"]
[WhiteTeamCountry "ENG"]
[BlackTeamCountry "ENG"]

1. Nf3 d6 2. d4 Bg4 3. c4 Bxf3 4. gxf3 c6 5. Qb3 Qb6 6. Qxb6 axb6 7. Bh3 Na6 8.
Nc3 g6 9. e3 Bg7 10. Bd2 Nf6 11. Ke2 Nc7 12. f4 d5 13. cxd5 Nfxd5 14. Nxd5 Nxd5
15. Bg2 e6 16. Bxd5 exd5 17. Bc3 f5 18. Kd3 Kf7 19. a3 Bf6 20. Bb4 Ke6 21. Rac1
h6 22. h4 h5 23. Rc2 Rhd8 24. Ke2 Rd7 25. f3 Kf7 26. Kf2 Re8 27. Bd2 c5 28.
dxc5 bxc5 29. Bc3 d4 30. exd4 cxd4 31. Rd2 Ree7 32. Bb4 Re6 33. Kg3 Rc7 34.
Rhh2 Re1 35. Bd6 Rd7 36. Be5 Bxe5 37. fxe5 Rxe5 38. Kf4 Rc5 39. Rd3 Kf6 40.
Rhd2 Rcd5 41. Re2 R5d6 42. Re1 Re7 43. Red1 Re2 44. b4 Rh2 45. Kg3 Ra2 46. Rxd4
Rxd4 47. Rxd4 Ke5 48. Rd7 f4+ 49. Kh3 Rxa3 50. Rxb7 Rxf3+ 51. Kh2 Rb3 52. b5
Kf5 53. Rf7+ Kg4 54. Rf6 Rb2+ 55. Kg1 Rxb5 56. Rxg6+ Kxh4 57. Kf2 Rg5 58. Rf6
Kg4 59. Rf8 h4 60. Rf7 h3 61. Rf8 Rh5 62. Kg1 h2+ 63. Kh1 Kf3 64. Rf7 Rh4 65.
Rf8 Kf2 66. Rg8 f3 67. Rf8 Rh3 68. Rf7 Kf1 69. Rf8 Rg3 70. Kxh2 Rg2+ 71. Kh1
Rg3 72. Kh2 Rg2+ 73. Kh1 Rf2 74. Rb8 Re2 75. Rb3 f2 76. Rb1+ Re1 77. Rb2 Rd1
78. Ra2 Ke1 0-1

[Event "GBR-ch108 Senior 65+"]
[Site "Torquay"]
[Date "2022.08.18"]
[Round "4.18"]
[White "Moore, Gillian A"]
[Black "Bellers, Chris J"]
[Result "1/2-1/2"]
[WhiteElo "1768"]
[BlackElo "1901"]
[PlyCount "86"]
[EventDate "2022.08.15"]
[EventType "swiss"]
[EventRounds "7"]
[EventCountry "GBR"]
[SourceTitle "BritBase"]
[Source "John Saunders"]
[SourceDate "2021.06.05"]
[SourceVersion "1"]
[SourceVersionDate "2021.06.05"]
[SourceQuality "1"]
[WhiteTeam "England"]
[BlackTeam "England"]
[WhiteTeamCountry "ENG"]
[BlackTeamCountry "ENG"]

1. d4 g6 2. Bg5 Bg7 3. c3 c5 4. d5 d6 5. e4 a6 6. a4 Nf6 7. Nd2 O-O 8. Be2 Nbd7
9. h4 h6 10. Be3 Ne5 11. Qc2 Neg4 12. Bf4 Nh5 13. Nh3 f5 14. g3 Rb8 15. a5 b5
16. axb6 Rxb6 17. Nc4 Rb8 18. Na5 Qb6 19. Nc4 Qb3 20. Bd3 Ne5 21. Nxe5 dxe5 22.
Qxb3 Rxb3 23. Bc1 Nf6 24. exf5 gxf5 25. Bc4 Rb6 26. Ra5 Ne4 27. Bd3 Bb7 28.
Bxe4 fxe4 29. Rxc5 Rb5 30. Rc7 Bxd5 31. c4 Rb7 32. Rxb7 Bxb7 33. Rf1 Rc8 34. b3
e3 35. f3 e4 36. Bxe3 exf3 37. Ng1 Rf8 38. Kf2 e5 39. Rd1 e4 40. Nh3 Rf7 41.
Nf4 Kh7 42. Nd5 Bc8 43. Nb6 Bb7 1/2-1/2

[Event "GBR-ch108 Senior 65+"]
[Site "Torquay"]
[Date "2022.08.18"]
[Round "4.20"]
[White "Costello, Colin A"]
[Black "Jerome, Stellio"]
[Result "1-0"]
[WhiteElo "1866"]
[BlackElo "1441"]
[PlyCount "53"]
[EventDate "2022.08.15"]
[EventType "swiss"]
[EventRounds "7"]
[EventCountry "GBR"]
[SourceTitle "BritBase"]
[Source "John Saunders"]
[SourceDate "2021.06.05"]
[SourceVersion "1"]
[SourceVersionDate "2021.06.05"]
[SourceQuality "1"]
[WhiteTeam "England"]
[BlackTeam "England"]
[WhiteTeamCountry "ENG"]
[BlackTeamCountry "ENG"]

1. c4 g5 2. d4 h6 3. Nc3 Bg7 4. e3 c5 5. Nge2 Nc6 6. g3 Nf6 7. Bg2 d6 8. dxc5
dxc5 9. Qxd8+ Nxd8 10. b3 O-O 11. Bb2 Nc6 12. O-O-O Bf5 13. e4 Bg6 14. h3 Rad8
15. f4 Rxd1+ 16. Rxd1 gxf4 17. gxf4 Bh5 18. e5 Bxe2 19. Nxe2 Nh5 20. Bf3 Nxf4
21. Nxf4 Nxe5 22. Bxb7 Kh7 23. Be4+ Ng6 24. Bxg7 Kxg7 25. Rg1 Rg8 26. Nxg6 Kf6
27. Rf1+ 1-0

[Event "GBR-ch108 Senior 65+"]
[Site "Torquay"]
[Date "2022.08.18"]
[Round "4.21"]
[White "Girdlestone, Paul C"]
[Black "Matthew, Ian G"]
[Result "1-0"]
[WhiteElo "2023"]
[BlackElo "1816"]
[PlyCount "21"]
[EventDate "2022.08.15"]
[EventType "swiss"]
[EventRounds "7"]
[EventCountry "GBR"]
[SourceTitle "BritBase"]
[Source "John Saunders"]
[SourceDate "2021.06.05"]
[SourceVersion "1"]
[SourceVersionDate "2021.06.05"]
[SourceQuality "1"]
[WhiteTeam "England"]
[BlackTeam "England"]
[WhiteTeamCountry "ENG"]
[BlackTeamCountry "ENG"]

1. e4 e5 2. Nf3 Nc6 3. c3 Nf6 4. d4 Nxe4 5. d5 Bc5 6. dxc6 Bxf2+ 7. Ke2 bxc6 8.
Qa4 f5 9. Nbd2 Nxd2 10. Bxd2 Bb6 11. Bg5 1-0

[Event "GBR-ch108 Senior 65+"]
[Site "Torquay"]
[Date "2022.08.18"]
[Round "4.22"]
[White "Norman, Dinah M"]
[Black "Bennett, Patrick"]
[Result "0-1"]
[WhiteElo "1670"]
[BlackElo "1963"]
[PlyCount "66"]
[EventDate "2022.08.15"]
[EventType "swiss"]
[EventRounds "7"]
[EventCountry "GBR"]
[SourceTitle "BritBase"]
[Source "John Saunders"]
[SourceDate "2021.06.05"]
[SourceVersion "1"]
[SourceVersionDate "2021.06.05"]
[SourceQuality "1"]
[WhiteTeam "England"]
[BlackTeam "Wales"]
[WhiteTeamCountry "ENG"]
[BlackTeamCountry "WLS"]

1. d4 f5 2. Nf3 Nf6 3. g3 e6 4. Bg2 Be7 5. O-O O-O 6. c4 d6 7. Nc3 Qe8 8. b4 e5
9. d5 a5 10. b5 h6 11. a4 Nbd7 12. Qc2 Nc5 13. Be3 b6 14. Bxc5 bxc5 15. e4 Qh5
16. Nd2 f4 17. f3 fxg3 18. hxg3 Qg5 19. Kh2 Nh5 20. Ne2 Nxg3 21. Nxg3 Qh4+ 22.
Kg1 Qxg3 23. Nb3 Rf4 24. Qf2 Qg6 25. Qd2 Bg5 26. Qc3 Rh4 27. Nxa5 Rxa5 28. Qxa5
Be3+ 29. Rf2 Bh3 30. Kf1 Bxf2 31. Bxh3 Rxh3 32. Qa8+ Kh7 33. Kxf2 Qg3+ 0-1